|
|
|
|
| LEADER |
00000nam a2200000 4500 |
| 001 |
vtls012290224 |
| 003 |
SK-MaSNL |
| 005 |
20260301061534.0 |
| 008 |
260122n fr r 001 0 fre |
| 040 |
|
|
|a SNKHF
|b slo
|c SNK
|e rda
|
| 041 |
0 |
|
|a fre
|
| 044 |
|
|
|a fr
|c FR
|
| 072 |
|
7 |
|a 58
|x Botanika
|2 konspekt
|
| 080 |
|
|
|a 58
|2 2011
|
| 080 |
|
|
|a 582.28
|2 2011
|
| 080 |
|
|
|a (035)
|2 2011
|
| 100 |
1 |
|
|a Costantin, Julien Noël,
|d 1857-1936
|4 aut
|4 aui
|9 374763
|
| 245 |
1 |
|
|a Nouvelle Flore des Champignons pour la détermination facile de toutes les espéces de France et de la plupart des especes européennes
|b avec 3842 figures
|c par Mm. J. Constantin Maitre de conférences a l'école normale supérieure et L. Dufour Directeur-Adjoint du Lanoratoire de Biologie Végétale (Faculté des sciences de Paris)
|
| 264 |
|
3 |
|a Paris
|b Librairie classique et administrative
|c [1891]
|
| 300 |
|
|
|a xxxviii strán, 255 strán, 9 nečíslovaných strán
|b tabuľky
|c 17 cm
|
| 336 |
|
|
|a text
|b txt
|2 rdacontent
|
| 337 |
|
|
|a bez média
|b n
|2 rdamedia
|
| 338 |
|
|
|a zväzok
|b nc
|2 rdacarier
|
| 500 |
|
|
|a Rok vydania podľa bibliografie
|
| 500 |
|
|
|a Reklamy na doplnkových stranách a na prídoští
|
| 546 |
|
|
|a Nemčina
|b Fraktúra
|
| 561 |
|
|
|a Okrúhla pečiatka: Museálna Slovenská spoločnosť.
|5 SNK ID 104167
|
| 561 |
|
|
|a Rukopisná poznámka: Z kníh Andreja Kmeťa farára na Prenčove.
|5 SNK ID 104167
|
| 562 |
|
|
|a Obálkový titulný list.
|5 SNK ID 104167
|
| 650 |
0 |
7 |
|a botanika
|2 SNKPH
|9 688
|
| 650 |
0 |
7 |
|a huby
|2 SNKPH
|9 3562
|
| 655 |
|
7 |
|a príručky
|2 SNKPH
|9 74364
|
| 700 |
1 |
|
|a Dufour, Léon Jean Marie,
|d 1780-1865
|4 aut
|9 374764
|
| 700 |
1 |
|
|a Kmeť, Andrej,
|d 1841-1908
|4 fmo
|9 191981
|
| 700 |
1 |
|
|a Dupont, Paul,
|d 1796-1879
|4 edt
|9 374765
|
| 752 |
|
|
|a Francúzsko
|d Paríž
|
| 852 |
|
|
|a Slovenská národná knižnica
|b Historické fondy
|p ID 104167
|
| 958 |
|
|
|a ONDV
|
| 999 |
|
|
|c 617648
|d 619578
|
| 952 |
|
|
|t Kmeť X/207
|a SNK
|b SNK
|c SNK_HF
|y PREZ
|7 0
|p 17A1567874
|o snkID 104167
|i snk2026/1086
|8 5
|0 0
|1 0
|4 0
|d 2026-01-22
|l 0
|r 2026-02-23 16:43:59
|w 2026-02-23
|